Mini - micro CDS/ ISIS Reference manual : version 3.0 (Record no. 1396115)

MARC details
000 -LEADER
fixed length control field 00586nam a2200193Ia 4500
005 - DATE AND TIME OF LATEST TRANSACTION
control field 20250508165611.0
008 - FIXED-LENGTH DATA ELEMENTS--GENERAL INFORMATION
fixed length control field 008 250505s9999 xx 000 0 eng d
037 ## - SOURCE OF ACQUISITION
Stock number Textual
040 ## - CATALOGING SOURCE
Original cataloging agency FEDL
Language of cataloging eng
Transcribing agency FEDL
041 ## - LANGUAGE CODE
Language code of text/sound track or separate title eng
Source of code eng
084 ## - COLON CLASSIFICATION NUMBER
Classification number 005.4, UNE
Assigning agency FEDL
245 #0 - TITLE STATEMENT
Title Mini - micro CDS/ ISIS Reference manual : version 3.0
245 #0 - TITLE STATEMENT
Statement of responsibility, etc. UNESCO
260 ## - PUBLICATION, DISTRIBUTION, ETC.
Place of publication, distribution, etc. Paris, France
Name of publisher, distributor, etc. United Nations Educational, Scientific and Cultural Organization
Date of publication, distribution, etc. 1993
300 ## - PHYSICAL DESCRIPTION
Extent xxix,286p.
365 ## - TRADE PRICE
Price type code INR
Price amount 1500
942 ## - ADDED ENTRY ELEMENTS (KOHA)
Koha item type Textual
Classification part 005.4, UNE
Holdings
Withdrawn status Lost status Damaged status Not for loan Home library Current library Date acquired Cost, normal purchase price Total Checkouts Full call number Barcode Date last seen Price effective from Koha item type
        Department of Education Library Department of Education Library 2025-05-08 1500.00   005.4, UNE EL0089766 2025-05-08 2025-05-08 Textual
Copyright @ Delhi University Library System